| 000 | 00455nam a2200133Ia 4500 | ||
|---|---|---|---|
| 008 | 200302s9999 xx 000 0 und d | ||
| 020 | _a9780128124758 | ||
| 245 |
_cedited by Namrita Lall. _aMedicinal plants for holistic health and well-being / |
||
| 260 |
_aUnited Kingdom: _bAcademic Press _c2018 |
||
| 300 |
_axv, 312 pages : _bcolored illustrations; _c23 cm |
||
| 500 | _aIncludes index. | ||
| 650 | _aMedicinal plants. | ||
| 650 | _aPlants, Medicinal. | ||
| 999 |
_c363040 _d363040 |
||